000 00743nam a2200241 4500
003 OSt
005 20240611052726.0
006 a
008 240611b |||||||| |||| 00| 0 eng d
020 _a9781259012280
040 _aDWCL-Main lib.
_cOC
082 _aCirc. 004 W716u 2013
100 _aWilliams, Brian K.
245 _aUsing information technology : a practical introduction to computers and communications /
260 _aNew York :
_bMcGraw-Hill,
_cc2013.
300 _axxvii,
_b576 p. : ill. ;
_c27 cm.
504 _aIncludes notes & index.
650 _a1. Computers.
650 _a2. Telecommunication systems.
650 _a3. Information technology.
700 _aBrian K. Williams
942 _2ddc
_n0
_cBK-CIRC
_kCirc.
999 _c525
_d525